|
|
|
|
| LEADER |
01224cam a2200325 7i4500 |
| 001 |
0000008580 |
| 005 |
20170218090000.0 |
| 008 |
090706 eng |
| 020 |
|
|
|a 0071263241 (hbk.)
|
| 020 |
|
|
|a 9780071263245 (pbk.)
|
| 090 |
0 |
0 |
|a HG4521
|b .B63 2008
|
| 100 |
1 |
|
|a Bodie, Zvi
|
| 245 |
1 |
0 |
|a Essentials of investments
|c Zvi Bodie, Alex Kane, Alan J. Marcus.
|
| 250 |
|
|
|a 7th ed.
|
| 260 |
|
|
|a Boston:
|b McGraw-Hill/Irwin,
|c 2008.
|
| 300 |
|
|
|a xxvi, 706 p.;
|c 28 cm.
|
| 490 |
0 |
|
|a The McGraw-Hill/Irwin series in finance, insurance, and real estate
|
| 500 |
|
|
|a Includes index
|
| 650 |
0 |
0 |
|a Investments
|
| 700 |
1 |
|
|a Marcus, Alan J
|
| 700 |
1 |
|
|a Kane, Alex
|
| 997 |
|
|
|a Business & Accountancy, Faculty
|
| 998 |
|
|
|a Business Management, Degree
|
| 999 |
|
|
|a 0000036996
|b BOK
|c OPEN SHELF
|e 1st Floor, Shah Alam
|
| 999 |
|
|
|a 0000036997
|b BOK
|c OPEN SHELF
|e 1st Floor, Shah Alam
|
| 999 |
|
|
|a 0000053031
|b BOK
|c OPEN SHELF
|e 1st Floor, Shah Alam
|
| 999 |
|
|
|a 0000053032
|b BOK
|c OPEN SHELF
|e 1st Floor, Shah Alam
|
| 999 |
|
|
|a 0000053033
|b BOK
|c OPEN SHELF
|e 1st Floor, Shah Alam
|
| 999 |
|
|
|a 0000053034
|b BOK
|c OPEN SHELF
|e 1st Floor, Shah Alam
|
| 999 |
|
|
|a 0000053035
|b BOK
|c OPEN SHELF
|e 1st Floor, Shah Alam
|